000 00572nam a2200193Ia 4500
005 20250326144843.0
008 250326s9999 xx 000 0 und d
020 _a81-8052-096-X
037 _aTextbook
040 _aFMSL
_beng
_cFMSL
041 _aeng
_2eng
084 _aX:8 P6
_qFMSL
100 _aParthasarathy Swami
245 0 _aHuman values & management : 20 key prinicples for modern management
_cParthasarathy Swami
260 _aNew Delhi
_bNew Delhi, Ane books
_c2006
300 _axiii,234
942 _cTB
_hX:8 P6
999 _c1305319
_d1305319